LEADER 03416nam 22008653u 450 001 9910787122203321 005 20230807212201.0 010 $a1-907830-96-0 035 $a(CKB)3710000000315622 035 $a(EBL)1895016 035 $a(SSID)ssj0001546314 035 $a(PQKBManifestationID)16136543 035 $a(PQKBTitleCode)TC0001546314 035 $a(PQKBWorkID)14792230 035 $a(PQKB)11423553 035 $a(MiAaPQ)EBC1895016 035 $a(EXLCZ)993710000000315622 100 $a20141222d2015|||| u|| | 101 0 $aeng 135 $aur|n|---||||| 181 $ctxt 182 $cc 183 $acr 200 10$aMentorship in Healthcare 205 $a2nd ed. 210 $aKeswick $cM&K Update Ltd$d2015 215 $a1 online resource (117 p.) 300 $aDescription based upon print version of record. 311 $a1-905539-96-7 327 $aFront cover; Prelims; Contents; About the contributors; Introduction; Outline of the book; Chapter 1 Mentorship and professional development; Chapter 2 Teaching and learning; Chapter 3 Optimising learning in theclinical environment; Chapter 4 Skills for Mentorship; Chapter 5 Assessment; Chapter 6 Challenging situations; Afterword: Assessing care and compassion; References; Index 330 $aIn healthcare settings, the term 'mentorship' is normally used to describe the supervision of a pre-registration student by a qualified practitioner. Mentorship can be very formal or relatively informal. It can also be practised differently in particular locations, settings and healthcare professions.This clear, concise book transcends professional and geographical boundaries in order to focus on the essential characteristics of effective mentorship. It will therefore be useful to a very wide range of healthcare professionals who are involved in mentoring and assessing junior colleagues.The bo 606 $aEducation, Nursing 606 $aMentoring in medicine 606 $aMentoring in nursing 606 $aMentors -- Case reports 606 $aMentors 606 $aProfessional Competence 606 $aDelivery of Health Care 606 $aEducation 606 $aEducational Measurement 606 $aPatient Care Management 606 $aPersons 606 $aHealth Care Quality, Access, and Evaluation 606 $aHealth Services Administration 606 $aHealth Care 606 $aNursing$2HILCC 606 $aHealth & Biological Sciences$2HILCC 615 4$aEducation, Nursing. 615 4$aMentoring in medicine. 615 4$aMentoring in nursing. 615 4$aMentors -- Case reports. 615 2$aMentors 615 2$aProfessional Competence 615 2$aDelivery of Health Care 615 2$aEducation 615 2$aEducational Measurement 615 2$aPatient Care Management 615 2$aPersons 615 2$aHealth Care Quality, Access, and Evaluation 615 2$aHealth Services Administration 615 2$aHealth Care 615 7$aNursing 615 7$aHealth & Biological Sciences 676 $a610.73 676 $a610.730699 700 $aShaw$b Mary E$0867712 702 $aFulton$b John 702 $aShaw$b Mary E 801 0$bAU-PeEL 801 1$bAU-PeEL 801 2$bAU-PeEL 906 $aBOOK 912 $a9910787122203321 996 $aMentorship in Healthcare$93790849 997 $aUNINA LEADER 02052nam 2200469z- 450 001 9910261138603321 005 20210211 035 $a(CKB)4100000002484706 035 $a(oapen)https://directory.doabooks.org/handle/20.500.12854/54430 035 $a(oapen)doab54430 035 $a(EXLCZ)994100000002484706 100 $a20202102d2017 |y 0 101 0 $aeng 135 $aurmn|---annan 181 $ctxt$2rdacontent 182 $cc$2rdamedia 183 $acr$2rdacarrier 200 00$aNephrotic Syndrome in Pediatric Patients 210 $cFrontiers Media SA$d2017 215 $a1 online resource (85 p.) 225 1 $aFrontiers Research Topics 311 08$a2-88945-298-0 330 $aNephrotic syndrome (NS) - characterized by heavy glomerular protein loss (proteinuria), edema, hypoalbuminemia, and hyperlipidemia - has diverse causes and frequently leads to chronic kidney disease. This E-book encompasses articles on a variety of topics in NS, including a historical perspective on understanding and treatment of NS, followed by state-of-the-art reviews of the molecular pathomechanisms, clinical outcomes, as well as current and emerging treatment strategies for NS. We hope that this comprehensive review will help to reduce the gaps between the research and the day-to-day care of patients with NS and inspire new research efforts towards updating and expanding the treatment armamentarium for the future. 606 $aMedicine$2bicssc 610 $aAPOL1 610 $acalcineurin inhibitors 610 $aedema 610 $aFSGS 610 $aminimal change disease 610 $anephrotic syndrome 610 $apodocytes 610 $aprednisone 610 $aproteinuria 610 $aslit diaphragm 615 7$aMedicine 700 $aFrederick Jeffrey Kaskel$4auth$01329296 702 $aAgnieszka Swiatecka-Urban$4auth 702 $aRobert P. Woroniecki$4auth 906 $aBOOK 912 $a9910261138603321 996 $aNephrotic Syndrome in Pediatric Patients$93039396 997 $aUNINA